[Event "Hastings Masters 2022/23"]
[Site "Hastings"]
[Date "2023.01.03"]
[Round "7.20"]
[White "Kett, Tim"]
[Black "Royset, Pal"]
[Result "0-1"]
[WhiteElo "2184"]
[BlackElo "2058"]
[PlyCount "74"]
[EventDate "2022.12.28"]
[EventType "swiss"]
[EventRounds "10"]
[EventCountry "ENG"]

1. e4 c5 2. Nf3 d6 3. d4 cxd4 4. Nxd4 Nf6 5. Nc3 a6 6. Bg5 e6 7. f4 h6 8. Bh4
Nbd7 9. Qe2 Qa5 10. O-O-O g5 11. Nb3 Qc7 12. fxg5 hxg5 13. Bxg5 Be7 14. h4 Ne5
15. Qd2 b5 16. a3 Rb8 17. Rh3 Rb6 18. Qf4 Nh5 19. Qf2 b4 20. axb4 Rxb4 21. Bxe7
Kxe7 22. Rd4 Qb6 23. Qd2 Rxd4 24. Nxd4 Rg8 25. Na4 Qa7 26. Rb3 Ng3 27. Qf2 Ke8
28. Rxg3 Rxg3 29. Qxg3 Qxd4 30. Qc3 Qxa4 31. Qxc8+ Ke7 32. Qb7+ Kf6 33. Qxa6
Qxe4 34. Qxd6 Qf4+ 35. Kb1 Qxf1+ 36. Ka2 Qxg2 37. c4 Qxb2+ 0-1

[Event "Hastings Masters 2022/23"]
[Site "Hastings"]
[Date "2023.01.03"]
[Round "7.21"]
[White "Waldhausen Gordon, Frederick"]
[Black "Eames, Robert S"]
[Result "1-0"]
[WhiteElo "2069"]
[BlackElo "2136"]
[PlyCount "125"]
[EventDate "2022.12.28"]
[EventType "swiss"]
[EventRounds "10"]
[EventCountry "ENG"]

1. e4 e5 2. Nf3 Nc6 3. Bc4 Nf6 4. Ng5 d5 5. exd5 Na5 6. Bb5+ c6 7. dxc6 bxc6 8.
Bd3 Nd5 9. Nf3 Bd6 10. O-O O-O 11. Re1 f5 12. Nxe5 Qf6 13. Nf3 g5 14. c4 Nf4
15. Bf1 g4 16. d4 gxf3 17. Qxf3 Ne6 18. c5 Bc7 19. b4 Qh4 20. g3 Qxd4 21. Qc3
f4 22. Bb2 Qxc3 23. Bxc3 fxg3 24. hxg3 Nb7 25. Nd2 a5 26. a3 Nbd8 27. Bc4 h5
28. Ne4 Kh7 29. Ng5+ Nxg5 30. Re7+ Kg6 31. Rg7+ Kh6 32. Rxc7 Nh3+ 33. Kh1 Nxf2+
34. Kg2 Bh3+ 35. Kg1 Rf3 36. Bd2+ Kg6 37. Be2 Rf8 38. bxa5 Be6 39. Rf1 Nh3+ 40.
Kh2 Rxf1 41. Bxf1 Ng5 42. Bg2 Ra6 43. Bf1 Ra8 44. Bg2 Rc8 45. Bf4 Rxc7 46. Bxc7
Ngf7 47. Bh3 Bc4 48. Bc8 Ne6 49. Bb6 Ne5 50. a6 Bxa6 51. Bxa6 Nd7 52. Bb7 Nexc5
53. Bxc5 Nxc5 54. Bxc6 Kg5 55. Kh3 Nd3 56. a4 Nf2+ 57. Kg2 Nd3 58. Bb5 Nc5 59.
Kh3 Nb3 60. Bc4 Na5 61. Bd5 Kh6 62. Kh4 Kg6 63. Bf3 1-0

[Event "Hastings Masters 2022/23"]
[Site "Hastings"]
[Date "2023.01.03"]
[Round "7.22"]
[White "Pollack, Oscar"]
[Black "Franco, Gaston"]
[Result "1/2-1/2"]
[WhiteElo "2112"]
[BlackElo "2051"]
[PlyCount "120"]
[EventDate "2022.12.28"]
[EventType "swiss"]
[EventRounds "10"]
[EventCountry "ENG"]

1. e4 c5 2. Nf3 Nc6 3. Bb5 g6 4. Bxc6 dxc6 5. d3 Bg7 6. h3 b6 7. O-O e5 8. a3
Ne7 9. b4 cxb4 10. axb4 O-O 11. Bb2 Qc7 12. Nbd2 Be6 13. Ra3 f6 14. Qa1 Nc8 15.
d4 exd4 16. Nxd4 Bd7 17. Rd1 Rf7 18. N4f3 h6 19. e5 f5 20. Nc4 Be6 21. Nd6 Re7
22. c4 c5 23. Nb5 Qb7 24. Rd8+ Kh7 25. Nd6 Qc7 26. Nxc8 Bxc8 27. Rad3 Bb7 28.
Rxa8 Bxa8 29. bxc5 Bxf3 30. cxb6 axb6 31. Rxf3 Bxe5 32. Bxe5 Qxe5 33. Qxe5 Rxe5
34. Rd3 h5 35. Rb3 Re4 36. Rc3 Re5 37. Kf1 Rc5 38. Ke2 b5 39. Kd3 bxc4+ 40.
Rxc4 Re5 41. f3 Kg7 42. h4 Re1 43. g4 fxg4 44. fxg4 hxg4 45. Rxg4 Kh6 46. Kd2
Re6 47. Kd3 Kh5 48. Rb4 Re1 49. Kd2 Rh1 50. Ke2 Rxh4 51. Rb5+ g5 52. Kf3 Rh3+
53. Kg2 Ra3 54. Rb4 g4 55. Rb8 Kh4 56. Rh8+ Kg5 57. Rg8+ Kf4 58. Rf8+ Kg5 59.
Rg8+ Kf4 60. Rf8+ Ke5 1/2-1/2

[Event "Hastings Masters 2022/23"]
[Site "Hastings"]
[Date "2023.01.03"]
[Round "7.23"]
[White "Rolvag, Mikael"]
[Black "Dette, Jan"]
[Result "1/2-1/2"]
[WhiteElo "2110"]
[BlackElo "2037"]
[PlyCount "82"]
[EventDate "2022.12.28"]
[EventType "swiss"]
[EventRounds "10"]
[EventCountry "ENG"]

1. d4 Nf6 2. c4 e6 3. Nc3 Bb4 4. e3 O-O 5. Nge2 c6 6. a3 Ba5 7. g3 d5 8. Qd3
dxc4 9. Qxc4 Qd5 10. Qxd5 exd5 11. Bg2 Bf5 12. f3 h6 13. Bd2 Re8 14. Kf2 Nbd7
15. h3 Nb6 16. b3 Nc8 17. Ra2 Bc7 18. Rc1 Nd6 19. g4 Bh7 20. Nf4 Re7 21. h4
Nfe8 22. Na4 a5 23. Bf1 g5 24. hxg5 hxg5 25. Nd3 Bxd3 26. Bxd3 Kg7 27. Rh1 Nf6
28. Rc2 Ree8 29. Rcc1 Rh8 30. Nc5 Rxh1 31. Rxh1 Rh8 32. Rxh8 Kxh8 33. Be2 Kg7
34. Ke1 Nh7 35. Kd1 Nf8 36. Be1 Ne6 37. Bd3 Kf6 38. Ke2 Ke7 39. Na4 b6 40. Nc3
Kd7 41. a4 Bd8 1/2-1/2

[Event "Hastings Masters 2022/23"]
[Site "Hastings"]
[Date "2023.01.03"]
[Round "7.24"]
[White "Brown, Thomas"]
[Black "Sugden, John N"]
[Result "1-0"]
[WhiteElo "2099"]
[BlackElo "1997"]
[PlyCount "139"]
[EventDate "2022.12.28"]
[EventType "swiss"]
[EventRounds "10"]
[EventCountry "ENG"]

1. d4 Nf6 2. Nf3 e6 3. Bf4 c5 4. e3 b6 5. Nc3 d5 6. Nb5 Na6 7. c3 Be7 8. Ne5
Bb7 9. Bd3 O-O 10. Qe2 Nb8 11. a4 Nc6 12. O-O a6 13. Na3 Nd7 14. Nxc6 Bxc6 15.
b3 Bb7 16. Nb1 Nf6 17. Nd2 Qd7 18. Nf3 Bd6 19. Be5 Bxe5 20. Nxe5 Qe7 21. Rfb1
Nd7 22. Nf3 Rfc8 23. Rc1 g6 24. h4 e5 25. dxe5 Nxe5 26. Nxe5 Qxe5 27. h5 c4 28.
bxc4 dxc4 29. Bc2 b5 30. f4 Qxh5 31. Qxh5 gxh5 32. Kf2 Bc6 33. Rd1 Rd8 34. Rd4
Rxd4 35. exd4 Re8 36. Rh1 Kg7 37. Rxh5 h6 38. d5 Bd7 39. axb5 axb5 40. Bf5 Bxf5
41. Rxf5 b4 42. cxb4 c3 43. d6 Rd8 44. Rd5 c2 45. Rc5 Rxd6 46. Rxc2 Kf6 47. Rb2
Kf5 48. Ke3 h5 49. b5 Rb6 50. Kf3 Ke6 51. Ke4 f6 52. g3 Kd6 53. Kf5 Ke7 54. Kg6
Ke6 55. Kxh5 Kf5 56. Rb4 Rb8 57. g4+ Ke6 58. Kh4 Rb6 59. Kg3 Kd5 60. Kf3 Kc5
61. Rb1 Kd5 62. Rb2 Kd4 63. Rb1 Kd5 64. Ke3 Re6+ 65. Kd3 Rb6 66. Rb2 Ke6 67.
Kc4 Kd6 68. Rd2+ Kc7 69. Re2 Kd6 70. f5 1-0

[Event "Hastings Masters 2022/23"]
[Site "Hastings"]
[Date "2023.01.03"]
[Round "7.25"]
[White "Wilks, Simon"]
[Black "Pousada Garcia, Daniel"]
[Result "1/2-1/2"]
[WhiteElo "2072"]
[BlackElo "1960"]
[PlyCount "111"]
[EventDate "2022.12.28"]
[EventType "swiss"]
[EventRounds "10"]
[EventCountry "ENG"]

1. e4 e5 2. Nf3 Nf6 3. Nxe5 d6 4. Nf3 Nxe4 5. Nc3 Nxc3 6. dxc3 Be7 7. Bf4 O-O
8. Qd2 Nd7 9. O-O-O Nc5 10. Be3 Be6 11. Kb1 Ne4 12. Qd3 d5 13. Nd4 Bd7 14. Nb3
c6 15. c4 dxc4 16. Qxd7 cxb3 17. axb3 Nf6 18. Qxd8 Rfxd8 19. Be2 Nd5 20. Bd4
Nf4 21. Bf3 Ne6 22. Be3 Bc5 23. Bxc5 Nxc5 24. b4 Ne6 25. Bg4 Rxd1+ 26. Rxd1 Rd8
27. Kc1 Kf8 28. Re1 Ke7 29. c3 Kf6 30. Kc2 Rd5 31. g3 h5 32. Bh3 g5 33. Bxe6
fxe6 34. f3 Kf5 35. Ra1 a6 36. Re1 e5 37. Re3 g4 38. fxg4+ Kxg4 39. c4 Rd4 40.
b3 Kf5 41. Re1 e4 42. Rf1+ Ke5 43. Rd1 b5 44. cxb5 axb5 45. Rxd4 Kxd4 46. Kd2
e3+ 47. Ke2 Kc3 48. h3 Kxb4 49. g4 hxg4 50. hxg4 c5 51. g5 c4 52. bxc4 bxc4 53.
g6 c3 54. g7 c2 55. g8=Q c1=Q 56. Qb8+ 1/2-1/2

[Event "Hastings Masters 2022/23"]
[Site "Hastings"]
[Date "2023.01.03"]
[Round "7.26"]
[White "Hutchinson, Paul A"]
[Black "Ruane, Brendan J"]
[Result "1-0"]
[WhiteElo "2135"]
[BlackElo "1804"]
[PlyCount "109"]
[EventDate "2022.12.28"]
[EventType "swiss"]
[EventRounds "10"]
[EventCountry "ENG"]

1. d4 d6 2. Bf4 Nd7 3. Nf3 e6 4. e3 b6 5. c4 Bb7 6. Nc3 Qe7 7. Be2 a6 8. O-O
Ngf6 9. h3 h6 10. Qc2 g5 11. Bg3 Rg8 12. Nd2 h5 13. e4 e5 14. dxe5 Nxe5 15. Nd5
Nxd5 16. cxd5 g4 17. hxg4 hxg4 18. Rac1 Rc8 19. Bxa6 Bxa6 20. Qa4+ Kd8 21. Qxa6
Bh6 22. Rc2 Bxd2 23. Rxd2 Qg5 24. Qe2 f6 25. Bxe5 fxe5 26. Qe3 Qh5 27. Qg3 Kd7
28. f4 gxf3 29. Qxf3 Qxf3 30. Rxf3 Rg7 31. Rdf2 Ke7 32. Rc3 Rg4 33. Rc4 Rf4 34.
g3 Rxf2 35. Kxf2 Rf8+ 36. Kg2 Kd7 37. Rc2 Ra8 38. b3 b5 39. g4 b4 40. Kg3 Rh8
41. Rh2 Rf8 42. Rf2 Rh8 43. g5 Ke7 44. Rh2 Rf8 45. Rh7+ Kd8 46. Kg4 Rf4+ 47.
Kh5 Ke8 48. Rxc7 Rxe4 49. g6 Kf8 50. Rd7 Rd4 51. Rxd6 e4 52. Kh6 Rd1 53. Re6
Rxd5 54. Rxe4 Rb5 55. g7+ 1-0

[Event "Hastings Masters 2022/23"]
[Site "Hastings"]
[Date "2023.01.03"]
[Round "7.27"]
[White "Jacobs, Robert"]
[Black "Ogunshola, Ben"]
[Result "1/2-1/2"]
[WhiteElo "1905"]
[BlackElo "2140"]
[PlyCount "133"]
[EventDate "2022.12.28"]
[EventType "swiss"]
[EventRounds "10"]
[EventCountry "ENG"]

1. d4 Nf6 2. Nf3 d6 3. g3 b5 4. Bg2 Bb7 5. O-O Nbd7 6. b3 g6 7. Bb2 Bg7 8. Nbd2
O-O 9. c4 a6 10. Qc2 Rb8 11. c5 Bxf3 12. Nxf3 e6 13. c6 Nb6 14. e4 h6 15. e5
Nfd5 16. a3 Ne7 17. Rac1 Nbd5 18. exd6 Qxd6 19. Ne5 Rb6 20. Qd2 Nxc6 21. Nxc6
Rxc6 22. Rxc6 Qxc6 23. Rc1 Qb6 24. Rc5 Rd8 25. Qc1 Rd6 26. Bxd5 exd5 27. Rxc7
Re6 28. Rc8+ Kh7 29. Qd2 Re4 30. f3 Re7 31. Kg2 Qe6 32. Rc2 h5 33. Bc1 Qf5 34.
Rc3 Qf6 35. Rd3 Rc7 36. Bb2 Bh6 37. Qd1 Qf5 38. Rc3 Re7 39. Bc1 Bxc1 40. Rxc1
Re3 41. Rc7 Kg7 42. Rc6 Rd3 43. Qe2 Rxb3 44. Rxa6 Kh7 45. Ra7 Rc3 46. Kf2 g5
47. Kg2 g4 48. fxg4 hxg4 49. Re7 Qg6 50. Qf1 Rf3 51. Qe2 Rxa3 52. Qf1 Rf3 53.
Qxb5 Qf6 54. Qe2 Qxd4 55. Qc2+ Kg7 56. Re2 Qf6 57. Qd1 d4 58. Re4 Rf2+ 59. Kg1
Ra2 60. Qxd4 Ra1+ 61. Kg2 Qxd4 62. Rxd4 f5 63. Rd2 Kf6 64. h3 Kg5 65. hxg4 Kxg4
66. Rd4+ Kg5 67. Rd2 1/2-1/2

[Event "Hastings Masters 2022/23"]
[Site "Hastings"]
[Date "2023.01.03"]
[Round "7.28"]
[White "Arnott, Jonathan W"]
[Black "Jukes, Sam"]
[Result "1-0"]
[WhiteElo "2063"]
[BlackElo "1928"]
[PlyCount "53"]
[EventDate "2022.12.28"]
[EventType "swiss"]
[EventRounds "10"]
[EventCountry "ENG"]

1. e4 c5 2. Be2 Nc6 3. d3 g6 4. f4 e6 5. Nf3 Nge7 6. O-O Bg7 7. c3 d5 8. e5 O-O
9. Na3 a6 10. Nc2 d4 11. Ng5 f6 12. exf6 Bxf6 13. Ne4 b6 14. Nxf6+ Rxf6 15. Bf3
Ra7 16. Qe2 dxc3 17. bxc3 Nd5 18. c4 Ndb4 19. Nxb4 Nxb4 20. Bb2 Rff7 21. Qe5
Kf8 22. Rad1 Nc2 23. d4 Nxd4 24. Rxd4 cxd4 25. Qh8+ Ke7 26. Ba3+ Kd7 27. Qxd4+
1-0

[Event "Hastings Masters 2022/23"]
[Site "Hastings"]
[Date "2023.01.03"]
[Round "7.29"]
[White "Hng, Mei-En Emmanuelle"]
[Black "Ortiz Sanchez, Luis"]
[Result "0-1"]
[WhiteElo "2057"]
[BlackElo "1895"]
[PlyCount "128"]
[EventDate "2022.12.28"]
[EventType "swiss"]
[EventRounds "10"]
[EventCountry "ENG"]

1. Nf3 d5 2. c4 c6 3. e3 Nf6 4. Nc3 a6 5. d4 Bg4 6. h3 Bh5 7. cxd5 Bxf3 8. Qxf3
cxd5 9. Bd3 Nc6 10. Qe2 e6 11. O-O Bd6 12. Bd2 O-O 13. Rac1 Qd7 14. Bb1 Rac8
15. Rfd1 Rfd8 16. Be1 Qe7 17. f4 Nd7 18. Qh5 f5 19. Bh4 Nf6 20. Qf3 Bb4 21. Ne2
Na5 22. g4 Rxc1 23. Rxc1 Nc4 24. Rxc4 dxc4 25. gxf5 exf5 26. Bxf5 Qf7 27. e4
Re8 28. e5 Qh5 29. Qxh5 Nxh5 30. d5 g6 31. Bd7 Rf8 32. e6 Ng7 33. Bg5 Nf5 34.
Ng3 Nxg3 35. e7 Bxe7 36. Bxe7 Rxf4 37. Be6+ Kg7 38. d6 Ne2+ 39. Kg2 Rd4 40. Bc8
Nf4+ 41. Kf3 Nd5 42. Bd8 Rf4+ 43. Kg3 Rf8 44. Bxb7 Rxd8 45. Bxd5 Rxd6 46. Bxc4
a5 47. b3 Rd2 48. a3 Ra2 49. a4 Rd2 50. Kf4 Kf6 51. Ke3 Rd8 52. Kf4 g5+ 53. Ke4
Rd1 54. Ba6 Rb1 55. Bc4 Rh1 56. Kd4 Rxh3 57. Kc5 g4 58. Kb6 g3 59. Bf1 Rh5 60.
Bg2 Rg5 61. Ka6 h5 62. Kb6 h4 63. Ka6 Re5 64. Bh3 Kg5 0-1

[Event "Hastings Masters 2022/23"]
[Site "Hastings"]
[Date "2023.01.03"]
[Round "7.30"]
[White "Marusenko, Petr"]
[Black "Liu, Tianyi (Jack)"]
[Result "1/2-1/2"]
[WhiteElo "2041"]
[BlackElo "1892"]
[PlyCount "149"]
[EventDate "2022.12.28"]
[EventType "swiss"]
[EventRounds "10"]
[EventCountry "ENG"]

1. d4 Nf6 2. c4 g6 3. Nc3 d5 4. Nf3 Bg7 5. e3 O-O 6. cxd5 Nxd5 7. Bc4 Nb6 8.
Bb3 c5 9. O-O Na6 10. h3 Bd7 11. d5 Nc7 12. e4 Nb5 13. Ne2 c4 14. Bc2 e5 15. a4
Nd6 16. a5 Nbc8 17. Nc3 Nb5 18. Be3 Nxc3 19. bxc3 Qc7 20. Qc1 Nd6 21. Qa3 Rfc8
22. Rfb1 f6 23. Nd2 Bf8 24. Qb2 Kg7 25. f4 Nb5 26. fxe5 Qxe5 27. Ba4 a6 28.
Bxb5 axb5 29. Bd4 Bc5 30. Bxc5 Rxc5 31. Re1 Qg3 32. Nf1 Qg5 33. Re3 Rcc8 34.
Rae1 Qe5 35. Qb4 Ra6 36. Nd2 Qd6 37. Nf3 Qxb4 38. cxb4 Rd6 39. g4 h6 40. Nd4
Rf8 41. Kh2 Rh8 42. h4 h5 43. g5 fxg5 44. hxg5 Rf8 45. Rf3 Rxf3 46. Nxf3 Be8
47. Kg3 Rd8 48. Kf4 Kf8 49. Ke5 Ke7 50. Kd4 Rc8 51. Ne5 c3 52. Rc1 Kd6 53. Rc2
Rc7 54. Nf3 Rc4+ 55. Kd3 Rxb4 56. Rxc3 Ra4 57. Rc8 Bd7 58. Rg8 Ra3+ 59. Ke2 Bg4
60. Rxg6+ Ke7 61. Rf6 Bxf3+ 62. Rxf3 Rxf3 63. Kxf3 b4 64. g6 b3 65. g7 Kf7 66.
d6 b2 67. d7 Kxg7 68. d8=Q b1=Q 69. Qg5+ Kf8 70. Qc5+ Kg7 71. e5 Qf5+ 72. Ke3
Qg5+ 73. Ke4 Qg2+ 74. Kd3 Qf1+ 75. Kc2 1/2-1/2

[Event "Hastings Masters 2022/23"]
[Site "Hastings"]
[Date "2023.01.03"]
[Round "7.31"]
[White "Li, Ethan"]
[Black "White, Stuart A"]
[Result "0-1"]
[WhiteElo "1889"]
[BlackElo "2021"]
[PlyCount "98"]
[EventDate "2022.12.28"]
[EventType "swiss"]
[EventRounds "10"]
[EventCountry "ENG"]

1. e4 c5 2. Nf3 d6 3. d4 cxd4 4. Nxd4 Nf6 5. Nc3 a6 6. Bc4 e6 7. Bb3 Nbd7 8.
O-O Nc5 9. Re1 Be7 10. Qf3 O-O 11. a4 Nxb3 12. Nxb3 Bd7 13. Bf4 Bc6 14. Qd3 e5
15. Bg5 Ng4 16. Bxe7 Qxe7 17. f3 Nf6 18. Na5 Rfd8 19. Nd5 Nxd5 20. exd5 Be8 21.
b4 Qc7 22. Nc4 Rac8 23. Ne3 Qc3 24. Qxc3 Rxc3 25. Kf2 f6 26. Ke2 Bg6 27. Kd2
Rdc8 28. Rec1 Kf8 29. Ra2 Ke7 30. Nd1 R3c4 31. c3 f5 32. Ne3 R4c7 33. Ra3 f4
34. Nd1 Bf7 35. c4 Bxd5 36. c5 dxc5 37. b5 Be6 38. bxa6 bxa6 39. Nf2 Rd8+ 40.
Ke2 Rd4 41. Ne4 c4 42. Rac3 Rd3 43. Nd2 Rxc3 44. Rxc3 Bd5 45. g3 Kd6 46. gxf4
exf4 47. Ne4+ Bxe4 48. fxe4 Ke5 49. Kf3 g5 0-1

[Event "Hastings Masters 2022/23"]
[Site "Hastings"]
[Date "2023.01.03"]
[Round "7.32"]
[White "Kumar, Soham"]
[Black "Nissinen, Niilo Man"]
[Result "0-1"]
[WhiteElo "1844"]
[BlackElo "1996"]
[PlyCount "70"]
[EventDate "2022.12.28"]
[EventType "swiss"]
[EventRounds "10"]
[EventCountry "ENG"]

1. e4 c5 2. Nf3 Nc6 3. Bb5 Nf6 4. e5 Nd5 5. O-O g6 6. c3 Bg7 7. d4 cxd4 8. cxd4
O-O 9. Nc3 Nc7 10. Bd3 d6 11. Be4 dxe5 12. Bxc6 exd4 13. Nb5 bxc6 14. Nbxd4 Bb7
15. Qb3 c5 16. Qxb7 cxd4 17. Bf4 Ne6 18. Bg3 Nc5 19. Qb5 Qb6 20. Qxb6 axb6 21.
Bc7 Nd7 22. Rfe1 Rfc8 23. Bg3 e5 24. a3 f6 25. h4 Rc2 26. b4 b5 27. Rec1 Rxa3
28. Rxa3 Rxc1+ 29. Kh2 Rb1 30. Ra8+ Nf8 31. h5 g5 32. Rd8 Rxb4 33. Nd2 f5 34.
f3 Rb2 35. Nf1 f4 0-1

[Event "Hastings Masters 2022/23"]
[Site "Hastings"]
[Date "2023.01.03"]
[Round "7.33"]
[White "Salmons, Calum"]
[Black "Damodaran, Patrick"]
[Result "0-1"]
[WhiteElo "1989"]
[BlackElo "1701"]
[PlyCount "100"]
[EventDate "2022.12.28"]
[EventType "swiss"]
[EventRounds "10"]
[EventCountry "ENG"]

1. e4 g6 2. d4 Bg7 3. Nc3 d6 4. Be3 Nf6 5. Qd2 a6 6. Bh6 O-O 7. h4 e5 8. d5 c6
9. h5 Qb6 10. O-O-O Bxh6 11. Qxh6 Ng4 12. Qg5 Nxf2 13. Qh4 Qe3+ 14. Kb1 g5 15.
Qh2 Nxd1 16. Nxd1 Qxe4 17. h6 Qxd5 18. Bd3 f6 19. Qg3 Qd4 20. Ne2 Qg4 21. Qf2
d5 22. Ne3 Qe6 23. Nf5 Qf7 24. Nd6 Qc7 25. Nxc8 Qxc8 26. Bf5 Qe8 27. Ng3 Qe7
28. Nh5 Nd7 29. Bxd7 Qxd7 30. Qxf6 Qf7 31. Qxg5+ Qg6 32. Qe7 Rae8 33. Qxb7 Qxg2
34. Rc1 Rf1 35. b3 Rxc1+ 36. Kxc1 Qg5+ 37. Kb2 Qxh6 38. Ng3 e4 39. Kb1 Rf8 40.
Qd7 Qg6 41. Qc7 h5 42. Qe5 Re8 43. Qxh5 Qxh5 44. Nxh5 Rf8 45. Ng3 e3 46. Kc1
Rf1+ 47. Kb2 d4 48. b4 Re1 49. Kb3 Rd1 50. Kc4 Rd2 0-1

[Event "Hastings Masters 2022/23"]
[Site "Hastings"]
[Date "2023.01.03"]
[Round "7.34"]
[White "Norinkeviciute, Rasa"]
[Black "Banerjee, Supratit"]
[Result "0-1"]
[WhiteElo "1969"]
[BlackElo "1541"]
[PlyCount "98"]
[EventDate "2022.12.28"]
[EventType "swiss"]
[EventRounds "10"]
[EventCountry "ENG"]

1. c4 e6 2. g3 d5 3. Bg2 Nf6 4. Nf3 Bd6 5. Qc2 c6 6. d3 Bd7 7. O-O O-O 8. e4
dxe4 9. dxe4 e5 10. b3 Qe7 11. Bb2 Na6 12. Nc3 Rad8 13. a3 Bg4 14. h3 Bh5 15.
b4 Rfe8 16. Rad1 Rd7 17. c5 Bc7 18. g4 Bg6 19. Rxd7 Qxd7 20. Nh4 Rd8 21. Rd1
Qe7 22. Nxg6 hxg6 23. Bf1 Nb8 24. Bc4 Nbd7 25. Qb3 Nf8 26. Rxd8 Bxd8 27. Bc1
Bc7 28. Be3 a6 29. Kg2 Qd7 30. f3 Bb8 31. a4 Ne8 32. b5 axb5 33. axb5 Bc7 34.
Qa2 Bd8 35. Kg3 Nc7 36. bxc6 bxc6 37. Na4 Nce6 38. h4 Qd1 39. Nb6 Qe1+ 40. Qf2
Qh1 41. g5 f5 42. exf5 gxf5 43. f4 Bc7 44. Nd7 Qe4 45. Nxf8 exf4+ 46. Kh3 fxe3
47. Bxe6+ Kxf8 48. Qxf5+ Qxf5+ 49. Bxf5 e2 0-1

[Event "Hastings Masters 2022/23"]
[Site "Hastings"]
[Date "2023.01.03"]
[Round "7.35"]
[White "Shepley, Julien M"]
[Black "Chan, Sheng Liang Bernard"]
[Result "0-1"]
[WhiteElo "1848"]
[BlackElo "1986"]
[PlyCount "112"]
[EventDate "2022.12.28"]
[EventType "swiss"]
[EventRounds "10"]
[EventCountry "ENG"]

1. e4 c5 2. Nc3 Nc6 3. Bb5 Nd4 4. Nf3 e6 5. O-O a6 6. Bd3 Nc6 7. Nd5 d6 8. Ne3
g5 9. c3 h5 10. Bc2 Bg7 11. Rb1 b5 12. b4 c4 13. d4 cxd3 14. Qxd3 g4 15. Nd4
Ne5 16. Qe2 Nf6 17. f4 gxf3 18. Nxf3 Nfg4 19. a4 Bd7 20. a5 Qc7 21. Rb3 Qa7 22.
Nd4 Rc8 23. Kh1 Qb8 24. Nxg4 hxg4 25. Bf4 Ng6 26. Bg3 Be5 27. Qxg4 Bxd4 28.
cxd4 Rxc2 29. Rbf3 e5 30. Qg5 Qd8 31. Qxd8+ Kxd8 32. dxe5 Nxe5 33. Bxe5 dxe5
34. Rxf7 Bc6 35. Rg7 Bxe4 36. Kg1 Re8 37. Rd1+ Kc8 38. Rd6 Rf8 39. h4 Rff2 40.
Rxa6 Rxg2+ 41. Rxg2 Rxg2+ 42. Kf1 Rh2 43. Re6 Bd3+ 44. Kg1 Rxh4 45. Rxe5 Rxb4
46. Rc5+ Kb7 47. Kf2 Ka6 48. Ke3 Bc4 49. Kd2 Kxa5 50. Rc8 Rb2+ 51. Kc3 Rb3+ 52.
Kc2 Kb4 53. Rb8 Re3 54. Kd2 Re2+ 55. Kd1 Kc3 56. Rh8 Rf2 0-1

[Event "Hastings Masters 2022/23"]
[Site "Hastings"]
[Date "2023.01.03"]
[Round "7.36"]
[White "Miller, George"]
[Black "Flynn, David"]
[Result "1-0"]
[WhiteElo "1808"]
[BlackElo "1872"]
[PlyCount "47"]
[EventDate "2022.12.28"]
[EventType "swiss"]
[EventRounds "10"]
[EventCountry "ENG"]

1. c4 c5 2. Nc3 g6 3. g3 Bg7 4. Bg2 d6 5. e4 a6 6. Nge2 b5 7. cxb5 axb5 8. Nxb5
Ba6 9. Qa4 Nd7 10. Nec3 Bxc3 11. dxc3 Ngf6 12. c4 O-O 13. O-O Nb6 14. Qc2 Nxc4
15. Qxc4 Qd7 16. Rd1 Bxb5 17. Qc3 e5 18. Bg5 Ne8 19. Bh6 Ng7 20. Rd2 Ra6 21. b3
Qc7 22. Rad1 f6 23. a4 Bd7 24. Qc4+ 1-0

[Event "Hastings Masters 2022/23"]
[Site "Hastings"]
[Date "2023.01.03"]
[Round "7.37"]
[White "Southcott-Moyers, Indy"]
[Black "Kelly, Paul J"]
[Result "1-0"]
[WhiteElo "1870"]
[BlackElo "1842"]
[PlyCount "69"]
[EventDate "2022.12.28"]
[EventType "swiss"]
[EventRounds "10"]
[EventCountry "ENG"]

1. d4 Nf6 2. c4 e5 3. dxe5 Ne4 4. Nf3 Bb4+ 5. Nbd2 Nc6 6. e3 Qe7 7. a3 Bxd2+ 8.
Nxd2 Nxd2 9. Bxd2 Nxe5 10. Be2 O-O 11. O-O a5 12. Bc3 Re8 13. Qd4 c5 14. Qd2 b6
15. f4 Nc6 16. Rf3 Bb7 17. Rg3 g6 18. Bf3 Qxe3+ 19. Qxe3 Rxe3 20. Bxc6 Rxg3 21.
Bxb7 Rxc3 22. bxc3 Re8 23. Kf2 Kg7 24. Bd5 f5 25. Re1 Rxe1 26. Kxe1 Kf6 27. Ke2
Ke7 28. Ke3 h6 29. Kf3 Kf6 30. g4 fxg4+ 31. Kxg4 h5+ 32. Kf3 Kf5 33. Be4+ Kf6
34. Bc2 g5 35. h3 1-0

[Event "Hastings Masters 2022/23"]
[Site "Hastings"]
[Date "2023.01.03"]
[Round "7.38"]
[White "Gorgun, Aliriza Atif"]
[Black "Jerome, Stellio"]
[Result "1-0"]
[WhiteElo "1850"]
[BlackElo "1501"]
[PlyCount "79"]
[EventDate "2022.12.28"]
[EventType "swiss"]
[EventRounds "10"]
[EventCountry "ENG"]

1. e4 Nc6 2. d4 e5 3. d5 Nce7 4. Nf3 Ng6 5. h4 Bb4+ 6. c3 Bc5 7. h5 N6e7 8.
Nxe5 Nf6 9. Qf3 d6 10. h6 dxe5 11. hxg7 Ng6 12. gxh8=Q+ Nxh8 13. Bg5 Be7 14.
Bb5+ Bd7 15. Bxf6 Bxb5 16. Bxh8 Qd6 17. Qf5 Bd7 18. Qxe5 Qb6 19. c4 Qg6 20. Nd2
O-O-O 21. Qxe7 Rxh8 22. O-O-O Re8 23. Qc5 Kb8 24. f4 b6 25. Qd4 c5 26. dxc6
Bxc6 27. f5 Qg5 28. Qd6+ Kb7 29. Rxh7 Re7 30. Rh8 Rc7 31. e5 Qxf5 32. Rf1 Qe6
33. Qxe6 fxe6 34. Rhf8 Bxg2 35. R1f7 Bh3 36. Rxc7+ Kxc7 37. Rf7+ Kb8 38. Kc2 a5
39. Kc3 Kc8 40. Ne4 1-0

[Event "Hastings Masters 2022/23"]
[Site "Hastings"]
[Date "2023.01.03"]
[Round "7.39"]
[White "Winter, Kevin"]
[Black "Faulks, Nick"]
[Result "0-1"]
[WhiteElo "1708"]
[BlackElo "1802"]
[PlyCount "112"]
[EventDate "2022.12.28"]
[EventType "swiss"]
[EventRounds "10"]
[EventCountry "ENG"]

1. e4 c5 2. Nc3 a6 3. f4 b5 4. g3 Bb7 5. Bg2 e6 6. Qe2 Nc6 7. Nf3 Rc8 8. d3 b4
9. Nd1 Nd4 10. Nxd4 cxd4 11. O-O Qc7 12. Rf2 h5 13. b3 Nf6 14. h3 a5 15. Nb2 d5
16. e5 Nd7 17. Bf3 g6 18. g4 hxg4 19. hxg4 Bg7 20. Nd1 Ke7 21. Bb2 g5 22. fxg5
Bxe5 23. Rg2 Rh3 24. Nf2 Rh7 25. Nd1 Rch8 26. Nf2 Rc8 27. Nd1 Rg8 28. Bc1 Rgh8
29. Nf2 Nf8 30. Kf1 Ng6 31. Rg1 Rc8 32. Bd2 Qxc2 33. Rc1 Qxc1+ 34. Bxc1 Rxc1+
35. Nd1 Rh2 36. Bg2 Ba6 37. Qf3 Rc3 38. Nxc3 dxc3 39. Ke1 Nf4 40. Kd1 Bxd3 41.
Qe3 c2+ 42. Ke1 Nxg2+ 43. Rxg2 c1=Q+ 44. Qxc1 Rh1+ 45. Kd2 Bf4+ 46. Kxd3 Bxc1
47. Kd4 Bxg5 48. Kc5 Rd1 49. Kb5 Rd2 50. Rg3 Rxa2 51. Rh3 e5 52. Kc5 e4 53. Rh5
Kf6 54. Kxd5 e3 55. Rh3 e2 56. Rh2 Rd2+ 0-1

[Event "Hastings Masters 2022/23"]
[Site "Hastings"]
[Date "2023.01.03"]
[Round "7.40"]
[White "Westcott, Dale"]
[Black "Jakhria, Kushal"]
[Result "0-1"]
[WhiteElo "1610"]
[BlackElo "1726"]
[PlyCount "100"]
[EventDate "2022.12.28"]
[EventType "swiss"]
[EventRounds "10"]
[EventCountry "ENG"]

1. d4 Nf6 2. Nc3 d5 3. Bf4 e6 4. e3 Bb4 5. Bd3 c5 6. dxc5 Nbd7 7. Nf3 Nxc5 8.
Bb5+ Bd7 9. Bxd7+ Qxd7 10. O-O Bxc3 11. bxc3 O-O 12. Rb1 Rac8 13. Qd4 b6 14.
Rfd1 Qa4 15. Bd6 Qxd4 16. cxd4 Nce4 17. Bxf8 Kxf8 18. Rd3 Rxc2 19. Ra3 a5 20.
h3 Nd7 21. Rf1 Nd6 22. Ra1 Ke7 23. Ne1 Rc6 24. Rb3 b5 25. Nd3 f6 26. Rc1 Rc4
27. Rbb1 b4 28. Nb2 Nb6 29. Nxc4 dxc4 30. f3 f5 31. Kf2 Nd5 32. Ke2 Kd7 33. g4
Kc6 34. gxf5 exf5 35. e4 fxe4 36. fxe4 Nxe4 37. Rxc4+ Kb5 38. Rbc1 Ndc3+ 39.
R4xc3 Nxc3+ 40. Kd3 Nxa2 41. Rc7 b3 42. Rxg7 Kb4 43. Rc7 Ka3 44. Rc5 a4 45. Kd2
b2 46. Kc2 Nb4+ 47. Kb1 Kb3 48. d5 a3 49. Ra5 a2+ 50. Rxa2 Nxa2 0-1